[Event "Steyr Landesliga 2122"]
[Site "Austria"]
[Date "2021.10.16"]
[Round "1.8"]
[White "Strobl, Samuel"]
[Black "Bauer, Herbert"]
[Result "1-0"]
[WhiteElo "1749"]
[BlackElo "1636"]
[PlyCount "46"]
[EventDate "2021.10.16"]
[EventType "team-tourn"]
[EventRounds "11"]
[EventCountry "AUT"]
[SourceTitle "EXT 2023"]
[Source "ChessBase"]
[SourceDate "2022.10.05"]
[SourceVersion "1"]
[SourceVersionDate "2022.10.05"]
[SourceQuality "1"]
[WhiteTeam "Graz Schachgesellschaft"]
[BlackTeam "Voitsberg"]
[WhiteTeamCountry "AUT"]
[BlackTeamCountry "AUT"]

1. e4 c5 2. Nc3 Nc6 3. f4 d6 4. Nf3 Bg4 5. Bb5 a6 6. Bxc6+ bxc6 7. 0-0 d5 8. d3 e6 9. h3 dxe4 10. hxg4 exf3 11. Qxf3 Qc7 12. f5 e5 13. Be3 h6 14. Ne4 Nf6 15. Nxc5 Bxc5 16. Bxc5 Qa5 17. Bf2 h5 18. g5 Ng4 19. Rae1 0-0 20. b3 Qd5 21. Re2 Qxf3 22. gxf3 Nxf2 23. Rfxf2 Rfe8 1-0